Realidad y perspectivas de los cultivos hidropónicos en invernadero como una alternativa para la agricultura costarricense

Guardat en:
Dades bibliogràfiques
Autor principal: Arauz Rodríguez, Alejandro J.
Format: Llibre
Publicat: San José, C.R. 1999
Matèries:
Etiquetes: Afegir etiqueta
Sense etiquetes, Sigues el primer a etiquetar aquest registre!

MARC

LEADER 00000nam a2200000Ia 4500
003 008787
005 20221231144212.0
008 140114s1999 cr a m 000 ||s d
040 |c cru CEDI 
090 |a TFG 4067 
100 |a Arauz Rodríguez, Alejandro J.  |9 8387 
245 |a Realidad y perspectivas de los cultivos hidropónicos en invernadero como una alternativa para la agricultura costarricense 
260 |c 1999  |a  San José, C.R. 
300 |a  xii, 164 hojas : ilustraciones  
500 |a  Tesis (licenciatura en ingeniería agrícola)--Universidad de Costa Rica. Facultad de Ingeniería. Escuela de Ingeniería Agrícola  
650 |x CULTIVO HIDROPONICO   |x PLANTAS DE INVERNADERO  |9 8388 
942 |c TFG 
999 |c 18367  |d 18367